000 00336nam a22001457a 4500
008 210526b ||||| |||| 00| 0 eng d
020 _a2800011090780
041 _aeng
080 _22nd
_a070
082 _a070
100 _a39
101 _aMED
245 _aCommunication Sciences and Disorders
_cRonald B Gillam
942 _2udc
_cBK
999 _c57652
_d57652